| 000 | 00408nam a2200157Ia 4500 | ||
|---|---|---|---|
| 008 | 230718s9999 xx 000 0 und d | ||
| 041 | _aeng | ||
| 082 |
_a620.1 _bKHU |
||
| 100 |
_aKhurmi R.S. _9141538 |
||
| 245 | _aTextbook Of Applied Mechanics In SI Units | ||
| 260 |
_c2009 _bS. Chand |
||
| 300 | _a346 | ||
| 365 |
_cRs. _b120.00 |
||
| 700 |
_aKhurmi R.S. _9141538 |
||
| 906 |
_dB:47012-Dec-2008 _cSS _b204 |
||
| 999 |
_c320307 _d320307 |
||